Southville International School and Colleges
Your cart is empty.
  • Cart
  • Lists
    Public lists Eva Luna New books Lux_list list_1
    Your lists Log in to create your own lists
  • Log in to your account
  • Your cookies
  • Search history
Southville International School and Colleges
  • Advanced search
  • Recent comments
  • Most popular
  • Libraries

Log in to your account

Log in with GOOGLE


If you do not have an external account, but do have a local account, you can still log in:

  1. Home
  2. MARC view: Simplified accounting for Partnership and Corporation /
Normal view MARC view ISBD view

Simplified accounting for Partnership and Corporation / (Record no. 25691)

[ view plain ]
MARC details
000 -LEADER
fixed length control field 00624nam a22002297a 4500
003 - CONTROL NUMBER IDENTIFIER
control field FEu
005 - DATE AND TIME OF LATEST TRANSACTION
control field 20140310183635.0
008 - FIXED-LENGTH DATA ELEMENTS--GENERAL INFORMATION
fixed length control field 130219t xxu||||| |||| 00| 0 eng d
050 ## - LIBRARY OF CONGRESS CALL NUMBER
Classification number HF 5635
Item number .Ab141 2009
100 ## - MAIN ENTRY--PERSONAL NAME
Personal name Abelede, Nelson S.
245 ## - TITLE STATEMENT
Title Simplified accounting for Partnership and Corporation /
Statement of responsibility, etc Abeleda, Nelson S.
260 ## - PUBLICATION, DISTRIBUTION, ETC. (IMPRINT)
Place of publication, distribution, etc Paranaque City :
Name of publisher, distributor, etc Nelson Publications ,
Date of publication, distribution, etc 2009.
300 ## - PHYSICAL DESCRIPTION
Extent 338 p. :
Dimensions 23 cm.
Other physical details ill. ;
521 ## - TARGET AUDIENCE NOTE
Target audience note
650 ## - SUBJECT ADDED ENTRY--TOPICAL TERM
Topical term or geographic name as entry element Accounting
650 ## - SUBJECT ADDED ENTRY--TOPICAL TERM
Topical term or geographic name as entry element Partnership
650 ## - SUBJECT ADDED ENTRY--TOPICAL TERM
Topical term or geographic name as entry element Corporation
942 ## - ADDED ENTRY ELEMENTS (KOHA)
Source of classification or shelving scheme Library of Congress Classification
Koha item type Books
Call number prefix Local
Holdings
Withdrawn status Lost status Source of classification or shelving scheme Materials specified (bound volume or other part) Damaged status Home library Current library Shelving location Date acquired Source of acquisition Total Checkouts Full call number Barcode Date last seen Date checked out Copy number Price effective from Koha item type Total Renewals
    Library of Congress Classification vol.2   Archives Archives   11/26/2013 Donation 1 HF 5635 .Ab141 2009 vol.2 C10807 05/08/2018 11/11/2014 1 11/26/2013 Books  
    Library of Congress Classification vol.2   College Library College Library Filipiniana Section 11/28/2013 Donation 1 HF 5635 .Ab141 2009 vol.2 C10804 05/08/2018 11/10/2014 2 11/28/2013 Books 22
    Library of Congress Classification     College Library College Library Filipiniana Section 12/05/2013 Donation 5 HF 5635 .Ab141 2009 vol.2 C13254 05/08/2018 02/19/2018 1 12/05/2013 Books 14

Simplified accounting for Partnership and Corporation /

APA

Abelede N. S., . (2009). Simplified accounting for Partnership and Corporation. Paranaque City: Nelson Publications.

Chicago

Abelede Nelson S, . 2009. Simplified accounting for Partnership and Corporation. Paranaque City: Nelson Publications.

Harvard

Abelede N. S., . (2009). Simplified accounting for Partnership and Corporation. Paranaque City: Nelson Publications.

MLA

Abelede Nelson S, . Simplified accounting for Partnership and Corporation. Paranaque City: Nelson Publications. 2009.

  • Place hold
  • Print
  • Cite
  • Add to your cart (remove)
  • Save record
    BIBTEX Dublin Core MARCXML MARC (non-Unicode/MARC-8) MARC (Unicode/UTF-8) MARC (Unicode/UTF-8, Standard) MODS (XML) RIS
  • More searches
    Search for this title in:
    Other Libraries (WorldCat) Other Databases (Google Scholar) Online Stores (Bookfinder.com) Open Library (openlibrary.org)

Exporting to Dublin Core...

SOUTHVILLE LIBRARY

Southville International School and Colleges Library

1281 Tropical Ave. Cor. Luxembourg St., BF Homes International, Las Pinas City

Tel. No. 8256374 / 252358 Loc. 117/146

Powered by Koha